Manufacturing industries

Uloženo v:
Podrobná bibliografie
Médium: Kniha
Jazyk:Undetermined
Vydáno: London Her Majesty's Stationery Office 1975
Témata:
Tagy: Přidat tag
Žádné tagy, Buďte první, kdo otaguje tento záznam!
Thư viện lưu trữ: Trung tâm Học liệu Trường Đại học Cần Thơ
LEADER 00399nam a2200145Ia 4500
001 CTU_96488
008 210402s9999 xx 000 0 und d
082 |a 658.01 
082 |b M294 
245 0 |a Manufacturing industries 
260 |a London 
260 |b Her Majesty's Stationery Office 
260 |c 1975 
650 |a Industrial management 
980 |a Trung tâm Học liệu Trường Đại học Cần Thơ